Propuesta de una especificación técnica de simbología y formatos para planos mecánicos
Guardat en:
| Autor principal: | |
|---|---|
| Altres autors: | |
| Format: | Llibre |
| Publicat: |
San José, C.R.
1996
|
| Matèries: | |
| Etiquetes: |
Afegir etiqueta
Sense etiquetes, Sigues el primer a etiquetar aquest registre!
|
MARC
| LEADER | 00000nam a2200000Ia 4500 | ||
|---|---|---|---|
| 003 | 08143 | ||
| 005 | 20221231144233.0 | ||
| 008 | 140114s1996 cr a m 000 ||s d | ||
| 040 | |c cru CEDI | ||
| 090 | |a TFG 3603 | ||
| 100 | |a Del Valle Granados, Ignacio |9 9599 | ||
| 245 | |a Propuesta de una especificación técnica de simbología y formatos para planos mecánicos | ||
| 260 | |c 1996 |a San José, C.R. | ||
| 300 | |a xi, 120 hojas : ilustraciones | ||
| 500 | |a Tesis (licenciatura en ingeniería mecánica)--Universidad de Costa Rica. Facultad de Ingeniería. Escuela de Ingeniería Mecánica | ||
| 650 | |x DIBUJO TECNICO |x INGENIERIA MECANICA - ESPECIFICACIONES |9 9601 | ||
| 700 | |9 9600 |a Herradora Obregón, Juan Carlos | ||
| 942 | |c TFG | ||
| 999 | |c 18885 |d 18885 | ||
